| 000 | 00412nam a22001457a 4500 | ||
|---|---|---|---|
| 003 | PILC | ||
| 005 | 20150610093615.0 | ||
| 008 | 131018t xxu||||| |||| 00| 0 eng d | ||
| 020 | _a9781844792429 | ||
| 050 |
_aLB 1028.43 _b.H638 2005 |
||
| 245 | _aHigher national in computing / | ||
| 260 |
_aEdinburgh : _bPearson Custom Publishing, _c2005. |
||
| 300 |
_a238 pages : _c33 cm. _billustrations ; |
||
| 942 |
_2lcc _cBK |
||
| 999 |
_c286444 _d286444 |
||